Financial markets and corporate strategy (Record no. 3854)
[ view plain ]
| 000 -LEADER | |
|---|---|
| fixed length control field | 01747nam a2200205 4500 |
| 020 ## - INTERNATIONAL STANDARD BOOK NUMBER | |
| ISBN | 9780071157612 |
| 050 ## - CALL NUMBER | |
| Classification number | HG181 |
| Item number | .G75 |
| 100 ## - AUTHOR | |
| Personal name | Mark Grinblatt |
| 245 ## - TITLE | |
| Title | Financial markets and corporate strategy |
| Statement of responsibility, etc | Mark Grinblatt, Sheridan Titman. |
| 260 ## - PUBLICATION INFORMATION | |
| Place of publication | Boston : |
| Name of publisher | Irwin/McGraw-Hill, |
| Year of publication | 1998. |
| 300 ## - DESCRIPTION | |
| Number of Pages | XXX, 866 Seiten : |
| Other physical details | Illustrationen ; |
| Dimensions | 26 cm. |
| 440 ## - SERIES | |
| SERIES | Irwin/McGraw-Hill series in finance, insurance and real estate. |
| 500 ## - NOTES | |
| General note | Includes index |
| 505 ## - FORMATTED CONTENTS NOTE | |
| Table of Content | Part 1 Financial markets and financial instruments: raising capital - the process and the players; debt financing; equity financing. Part 2 Valuing financial assets; the mathematics and statistics of portfolios; mean-variance analysis and the capital asset pricing model; factor models and the arbitrage pricing theory; pricing derivatives; options. Part 3 Valuing real assets; investing in risk-free projects; investing in risky projects; allocating capital and corporate strategy; corporate taxes and the impact of financing on real asset valuation; capital structure; how taxes affect financing choices; how taxes affect dividends and share repurchases; bankruptcy costs and debt holder/equity holder conflicts; capital structure and corporate strategy; incentives, information and corporate control; how managerial incentives affect financial decisions; the information conveyed by financial decisions; mergers and acquisitions; risk management; risk management and corporate strategy; the practice of hedging; interest rate risk management. |
| 650 ## - SUBJECTS | |
| Topical Term | Corporations -- |
| General subdivision | Finance. |
| 650 ## - SUBJECTS | |
| Topical Term | Financial institutions -- United States. |
| 650 ## - SUBJECTS | |
| Topical Term | Strategic planning -- United States. |
| 700 ## - OTHER AUTHORS | |
| Personal name | Sheridan Titman. |
| 942 ## - ADDED ENTRY ELEMENTS (KOHA) | |
| Koha item type | Books |
| Withdrawn status | Lost status | Collection code | Home library | Current library | Shelving location | Date acquired | Full call number | Accession Number | Koha item type |
|---|---|---|---|---|---|---|---|---|---|
| Reference | Methodist University Library Main | Methodist University Library Main | General Stacks | HG181 .G75 | 29982 | Books |